Monthly statistics of international trade

Salvato in:
Dettagli Bibliografici
Natura: Periodico
Lingua:inglese
Pubblicazione: Paris OECD
Soggetti:
Tags: Aggiungi Tag
Nessun Tag, puoi essere il primo ad aggiungerne!!

MARC

LEADER 00000nas1a2200000 4500
001 s124257
005 20250707084838.5
022 |a 1607-0623 
041 0 |a eng 
245 1 0 |a Monthly statistics of international trade 
264 1 |a Paris  |b OECD 
500 |a Do roku 2001 je titul spracovaný v BD Knihy 
610 2 0 |a štatistika 
610 2 0 |a obchod medzinárodný